000 00645na a2200229 4500
001 18055
003 MIRAKIL
005 20181213154942.0
008 161110b tu 000 0
040 _aMilas
_btur
_cTR-AnCHP
041 _atur
082 _a338.6046
_bP37 1998
090 _a338.6046 P37 1998
245 _aPetrol Ofisi A.Ş. gerçeği
_cPetrol-İş
260 _aİstanbul
_bPetrol-İş
_c1998
300 _a76 s.
_btbl.
_c23 sm.
490 _aPetrol - İş Yayın
_v46
610 _aPetrol Ofisi
_xÖzelleştirme
_yEleştiriler
650 _aPetrol
_xKurumlar
_zTürkiye
710 _aPetrol-İş Sendikası
942 _2ddc
_cBKS
999 _c3755
_d3755